| 000 | 01204nam0a22002771 4500 | ||
|---|---|---|---|
| 001 | rc\3630163 | ||
| 005 | 20250610052738.0 | ||
| 021 |
_aRU _b[69-18900] |
||
| 035 | _a(NLR Aleph) 007722890 | ||
| 090 |
_a6971144 _c6971144 |
||
| 100 | _a20130115d1969 |||y0rusy50 ca | ||
| 101 | 0 | _arus | |
| 102 | _aRU | ||
| 105 | _aa z ||||| | ||
| 200 | 1 |
_aДружеский фарш _eЮмор и сатира _f[Ил.: У. Межавилкс] |
|
| 210 |
_aРига _cЛиесма _d1969 |
||
| 215 |
_a192, [5] с. _cил. _d10х14 |
||
| 327 | 0 | _aРазделы: Мысли в розницу; Афоризмы; Эпиграммы; Бульдожий хвостик; Как это было; Дела и делишки; Мама с собачкой | |
| 464 | 0 |
_12001#$aМысли в розницу$aАфоризмы$aЭпиграммы$aБульдожий хвостик$aКак это было$aДела и делишки$aМама с собачкой _tМама с собачкой |
|
| 700 | 1 |
_aМеламед _bЦ.А. _f1910- _gЦаль Айзикович |
|
| 702 | 1 |
_aМежавилкс _bУ. _4440 |
|
| 801 | 0 |
_aRU _bNLR _gpsbo |
|
| 801 | 1 |
_aRU _bELAR _2rusmarc |
|
| 852 |
_aNLR _j69-1/295 |
||
| 942 | _cBOOK | ||
| 980 | _aNB | ||